[Event "Santo Domingo De La Madre op"]
[Site "Santo Domingo"]
[Date "2018.05.20"]
[Round "3"]
[White "Acevedo Vargas, Julio"]
[Black "Lopez Sanchez, Bernardo Antonio"]
[Result "1-0"]
[WhiteElo "1908"]
[BlackElo "1569"]
[PlyCount "41"]
[EventDate "2018.05.18"]
[EventType "swiss"]
[EventRounds "8"]
[EventCountry "DOM"]
[SourceTitle "CBM 184 Extra"]
[Source "ChessBase"]
[SourceDate "2018.06.28"]
[SourceVersion "1"]
[SourceVersionDate "2018.06.28"]
[SourceQuality "1"]

1. d4 Nf6 2. Nf3 d6 3. Nc3 Bf5 4. Bg5 Nbd7 5. e3 c6 6. Bd3 Qa5 7. 0-0 d5 8. Bxf5 g6 9. Bxd7+ Nxd7 10. e4 f6 11. Bd2 Qc7 12. exd5 Bg7 13. Re1 Qd6 14. Re6 Qb8 15. Qe2 Bf8 16. Re1 Kf7 17. Rxe7+ Bxe7 18. Qxe7+ Kg8 19. Bh6 Qf8 20. Bxf8 Rxf8 21. Qxd7 1-0

[Event "Santo Domingo Duarte Memorial 6th"]
[Site "Santo Domingo"]
[Date "2017.02.04"]
[Round "7"]
[White "Lopez Sanchez, Bernardo Antonio"]
[Black "Pena Galvan, Armando Antonio"]
[Result "0-1"]
[WhiteElo "1658"]
[BlackElo "1776"]
[PlyCount "50"]
[EventDate "2017.01.27"]
[EventType "swiss"]
[EventRounds "8"]
[EventCountry "DOM"]
[SourceTitle "CBM 176 Extra"]
[Source "ChessBase"]
[SourceDate "2017.03.02"]
[SourceVersion "1"]
[SourceVersionDate "2017.03.02"]
[SourceQuality "1"]

1. e4 e6 2. d4 d5 3. e5 c5 4. dxc5 Bxc5 5. Nf3 Nc6 6. Bd3 Qc7 7. Qe2 Bd7 8. 0-0 Nb4 9. a3 Nxd3 10. cxd3 Ne7 11. d4 Bb6 12. Nc3 Nf5 13. Be3 a6 14. Rac1 Bc6 15. Rfe1 Qd7 16. Qd2 Ba5 17. b4 Bd8 18. Ne2 Be7 19. Ng3 Nxe3 20. Qxe3 a5 21. bxa5 Rxa5 22. Rc3 0-0 23. Nh5 Rfa8 24. Ra1 Qd8 25. g3 g6 0-1